Skip to main content
Your cart is empty.
Your lists
Log in to create your own lists
Your cookies
العربية
English
العربية
Home
Search
Advanced search
Authority search
About
The noble scholar, jurist, historian
His Excellency Dr. Abdul Wahhab bin Ibrahim Abu Sulaiman, may Allah have mercy on him.
He was born in Umm Al-Qura in the year 1356 AH.
Library catalog
Title
Author
Subject
ISBN
ISSN
Series
Call number
Log in to your account
×
Login:
Password:
Home
MARC view: العلاقات بين الدولة العثمانية وإقليم الحجاز في الفترة ما بين 1293-1334 هجرية، 1876-1916 م /
Normal view
MARC view
ISBD view
العلاقات بين الدولة العثمانية وإقليم الحجاز في الفترة ما بين 1293-1334 هجرية، 1876-1916 م / (Record no. 373)
[
view plain
]
MARC details
000 -LEADER
fixed length control field
01261cam a2200277 i 4500
003 - CONTROL NUMBER IDENTIFIER
control field
SA-RiAUC
005 - DATE AND TIME OF LATEST TRANSACTION
control field
20240917084134.0
008 - FIXED-LENGTH DATA ELEMENTS--GENERAL INFORMATION
fixed length control field
240916s1978 ua g b 000 0 ara c
040 ## - CATALOGING SOURCE
Original cataloging agency
AE-AiULD
Language of cataloging
ara
Transcribing agency
SA-RiAUC
Description conventions
rda
043 ## - GEOGRAPHIC AREA CODE
Geographic area code
a-su---
050 #4 - LIBRARY OF CONGRESS CALL NUMBER
Item number
S28 1978
082 04 - DEWEY DECIMAL CLASSIFICATION NUMBER
Classification number
953.12
Item number
ص و ا
Assigning agency
SA-RiAUC
100 1# - MAIN ENTRY--PERSONAL NAME
Personal name
الصواف، فائق بكر
Relator term
مؤلف.
245 12 - TITLE STATEMENT
Title
العلاقات بين الدولة العثمانية وإقليم الحجاز في الفترة ما بين 1293-1334 هجرية، 1876-1916 م /
Statement of responsibility, etc.
تأليف فائق بكر الصواف.
264 #1 - PRODUCTION, PUBLICATION, DISTRIBUTION, MANUFACTURE, AND COPYRIGHT NOTICE
Place of production, publication, distribution, manufacture
[مكان النشر غير محدد] :
Name of producer, publisher, distributor, manufacturer
[الناشر غير محدد]،
Date of production, publication, distribution, manufacture, or copyright notice
1978
264 #3 - PRODUCTION, PUBLICATION, DISTRIBUTION, MANUFACTURE, AND COPYRIGHT NOTICE
Place of production, publication, distribution, manufacture
القاهرة :
Name of producer, publisher, distributor, manufacturer
مطابع سجل العرب
300 ## - PHYSICAL DESCRIPTION
Extent
390 صفحة ؛
Dimensions
24 سم
336 ## - CONTENT TYPE
Content type term
نص
Content type code
txt
Source
rdacontent
Materials specified
كتاب
337 ## - MEDIA TYPE
Media type term
بدون وسيط
Media type code
n
Source
rdamedia
338 ## - CARRIER TYPE
Carrier type term
مجلد
Carrier type code
nc
Source
rdacarrier
504 ## - BIBLIOGRAPHY, ETC. NOTE
Bibliography, etc. note
ببليوجرافية : صفحة 373-386.
651 #7 - SUBJECT ADDED ENTRY--GEOGRAPHIC NAME
Geographic name
الحجاز (السعودية)
General subdivision
تاريخ
Chronological subdivision
الحكم العثماني، 922-1214 هجري
Source of heading or term
aucsh
651 #7 - SUBJECT ADDED ENTRY--GEOGRAPHIC NAME
Geographic name
السعودية
General subdivision
تاريخ
Chronological subdivision
الحكم العثماني، 922-1214 هجري.
Source of heading or term
aucsh
942 ## - ADDED ENTRY ELEMENTS (KOHA)
Source of classification or shelving scheme
Dewey Decimal Classification
Koha item type
Books
949 ## - LOCAL PROCESSING INFORMATION (OCLC)
a
SA-JeALM
d
240916
u
mohamedma123
n
1
Holdings
Withdrawn status
Lost status
Source of classification or shelving scheme
Damaged status
Not for loan
Home library
Current library
Date acquired
Total checkouts
Full call number
Barcode
Date last seen
Price effective from
Koha item type
Dewey Decimal Classification
DR AbdElwahab Library
DR AbdElwahab Library
09/17/2024
953.12 ص و ا
000000486
09/17/2024
09/17/2024
Books
Place hold
Print
Add to your cart
(remove)
Save record
BIBTEX
Dublin Core
MARCXML
MARC (non-Unicode/MARC-8)
MARC (Unicode/UTF-8)
MARC (Unicode/UTF-8, Standard)
MODS (XML)
RIS
ISBD
More searches
Search for this title in:
Other Libraries (WorldCat)
Other Databases (Google Scholar)
Online Stores (Bookfinder.com)
Open Library (openlibrary.org)
Exporting to Dublin Core...
×
Simple DC-RDF
OAI-DC
SRW-DC